000 00632na a2200241 4500
001 23146
003 MIRAKIL
005 20181213154933.0
008 170721b tu 000 0
020 _a9786054409440
040 _aMilas
_btur
_cTR-AnCHP
041 _atur
082 _a811.42
_bÇ24d 2017
090 _a811.42 Ç24d 2017
100 _aÇakar, Mahmut
245 _aDuyguların dili
_cMahmut Çakar
260 _aİstanbul
_bkitapdostu yayınları
_c2017
300 _a104 s.
_c20 sm.
440 _akitapdostu yayınları
_v46
490 _aEdebiyat
_v12
650 _aTürk Edebiyatı
_xŞiir
942 _2ddc
_cBKS
999 _c3467
_d3467